[Event "Cansys IM-A"]
[Site "Budapest HUN"]
[Date "1991.??.??"]
[Round "11"]
[White "Palkovi, Jozsef"]
[Black "Baumhus, Reinhard"]
[Result "0-1"]
[WhiteElo "2460"]
[BlackElo "2405"]
[PlyCount "50"]
[EventDate "1991.??.??"]
[Source "www.chesslib.no"]
[SourceDate "2004.05.04"]

1. e4 c6 2. d4 d5 3. Nc3 g6 4. h3 Bg7 5. Nf3 Nh6 6. Bf4 f6 7. exd5 cxd5 8. Nb5 O-O 9. c4 a6 10. Nc7 e5 11. Nxa8 exf4 12. c5 Nc6 13. Nb6 Be6 14. Be2 g5 15. Qd2 Nf7 16. Rd1 f5 17. O-O g4 18. Ne5 Nxd4 19. Qxd4 Bxe5 20. Qd2 f3 21. gxf3 Ng5 22. Rfe1 Nxh3+ 23. Kf1 Qh4 24. Bc4 Nf4 25. Kg1 gxf3 0-1

[Event "BUL-ch+"]
[Site "Bulgaria"]
[Date "1975.??.??"]
[Round "4"]
[White "Bohosjan, Sarkis"]
[Black "Spiridonov, Nikola"]
[Result "0-1"]
[WhiteElo "2415"]
[BlackElo "2450"]
[PlyCount "92"]
[EventDate "1975.??.??"]
[Source "www.chesslib.no"]
[SourceDate "2004.05.04"]

1. e4 c6 2. d4 d5 3. Nc3 g6 4. h3 Bg7 5. Nf3 Nf6 6. e5 Ne4 7. Bd3 Nxc3 8. bxc3 c5 9. O-O c4 10. Be2 Qa5 11. Qd2 Qa4 12. Nh4 Nc6 13. f4 f5 14. g4 Bd7 15. Bf3 e6 16. Qg2 O-O-O 17. Be3 Bf8 18. Qd2 Be7 19. Ng2 Rdf8 20. Bf2 Bd8 21. Kh2 Ba5 22. a3 a6 23. Bh4 Na7 24. Ne3 Nb5 25. Nd1 Bd8 26. Bxd8 Kxd8 27. Rf2 Rf7 28. Qe3 Rhf8 29. Bg2 g5 30. fxg5 fxg4 31. Rxf7 Rxf7 32. Ra2 gxh3 33. Bxh3 Nc7 34. Qe2 Be8 35. Qd2 Rf3 36. Bg4 Rf8 37. Ne3 Bg6 38. Ra1 Be4 39. Kg3 Kc8 40. Kh4 Kb8 41. Qc1 Qd7 42. Qb2 h6 43. Rb1 hxg5+ 44. Kg3 Nb5 45. Qb4 Rf4 46. Qa5 Qe8 0-1

[Event "Manila ol (Men)"]
[Site "Manila PHI"]
[Date "1992.??.??"]
[Round "?"]
[White "Milu, Romeo Sorin"]
[Black "Urban, Klaudiusz"]
[Result "1/2-1/2"]
[WhiteElo "2400"]
[BlackElo "2465"]
[PlyCount "126"]
[EventDate "1992.06.??"]
[Source "www.chesslib.no"]
[SourceDate "2004.05.04"]

1. e4 c6 2. d4 d5 3. Nc3 g6 4. Nf3 Bg7 5. exd5 cxd5 6. Bf4 Nf6 7. h3 O-O 8. Bd3 Nc6 9. O-O Nb4 10. Be2 Bf5 11. a3 Nc6 12. Bd3 Be4 13. Be2 Rc8 14. Ne5 Bf5 15. Nxc6 Rxc6 16. Be5 Ne4 17. Nxe4 Bxe4 18. Bd3 Bxe5 19. dxe5 Qc7 20. f4 Qb6+ 21. Kh2 Qxb2 22. Rb1 Qxa3 23. Rxb7 e6 24. Bxe4 dxe4 25. Qd4 Qa6 26. Rfb1 Rxc2 27. Qxe4 Qc4 28. Qf3 Rc3 29. Qg4 a5 30. Qg5 Qe4 31. Rb8 Rcc8 32. R8b5 Rc4 33. Rf1 a4 34. Ra5 Qe2 35. Rf3 Qd2 36. Ra7 Qd4 37. Ra6 Rb4 38. h4 Rb3 39. Rd6 Qe4 40. Rxb3 axb3 41. Rb6 Qc2 42. h5 b2 43. Qf6 Qe2 44. Qg5 Qxh5+ 45. Qxh5 gxh5 46. Rxb2 Kg7 47. Kh3 Ra8 48. Rb7 Kg6 49. Rc7 Ra2 50. g3 Ra1 51. Rb7 Rh1+ 52. Kg2 Rc1 53. Kh3 Rc4 54. Ra7 Rc8 55. Rb7 Rg8 56. Ra7 Rg7 57. Re7 h6 58. Kh4 Rg8 59. Kh3 Rc8 60. Ra7 Rc1 61. Rb7 Re1 62. Re7 Re2 63. Ra7 f6 1/2-1/2

[Event "Wch-18 sf4"]
[Site "Wch-18 sf4"]
[Date "1989.??.??"]
[Round "?"]
[White "Glaser, Helmut F"]
[Black "Pracejus, Michael"]
[Result "1/2-1/2"]
[WhiteElo "2435"]
[BlackElo "2430"]
[PlyCount "51"]
[EventDate "1989.??.??"]
[Source "www.chesslib.no"]
[SourceDate "2004.05.04"]

1. e4 c6 2. d4 d5 3. Nc3 g6 4. h3 Bg7 5. Nf3 Nf6 6. e5 Ne4 7. Nxe4 dxe4 8. Ng5 c5 9. Bc4 O-O 10. c3 cxd4 11. cxd4 Nc6 12. Be3 Na5 13. Bb3 Qb6 14. Nxe4 Nxb3 15. Qxb3 Qxb3 16. axb3 Be6 17. O-O Bxb3 18. Rfc1 f6 19. exf6 exf6 20. Ra3 Bd5 21. Nc3 Bc4 22. b3 Bf7 23. Nb5 a6 24. Nd6 f5 25. Rc7 Bd5 26. Rc5 1/2-1/2

[Event "Chigorin Memorial"]
[Site "?"]
[Date "2005.10.21"]
[Round "7"]
[White "Chebotarev Oleg"]
[Black "Novitzkij Dmitrij"]
[Result "1/2-1/2"]
[WhiteElo "2504"]
[BlackElo "2357"]
[PlyCount "152"]
[EventDate "2005.??.??"]
[Source "www.chesslib.no"]
[SourceDate "2004.05.04"]

1. e4 c6 2. d4 d5 3. Nc3 g6 4. h3 Bg7 5. Nf3 Nh6 6. Bf4 f6 7. exd5 cxd5 8. Nb5 O-O 9. c4 Nc6 10. cxd5 Qxd5 11. Nc7 Qa5+ 12. Qd2 Qxd2+ 13. Bxd2 Rb8 14. d5 Ne5 15. Nxe5 fxe5 16. Rc1 Nf5 17. Bc4 Kh8 18. O-O Bd7 19. Rfe1 Rbc8 20. Bf1 e4 21. Bc3 Bxc3 22. Rxc3 Nd6 23. Be2 Rf6 24. Bd1 b5 25. Bg4 Bf5 26. Nxb5 Rxc3 27. Nxc3 Bxg4 28. hxg4 Rf4 29. Rd1 Rxg4 30. Rd4 h5 31. Ra4 h4 32. f3 Rg5 33. Nxe4 Nxe4 34. Rxe4 h3 35. Rh4+ Kg7 36. Rxh3 Rxd5 37. Rh4 a5 38. Ra4 Kf6 39. b3 g5 40. Kf2 Re5 41. b4 axb4 42. Rxb4 Rc5 43. a4 Rc2+ 44. Kg3 Ra2 45. Rb6+ Kf5 46. Ra6 Ra3 47. Ra8 e5 48. a5 e4 49. a6 exf3 50. gxf3 Kg6 51. Kf2 Kf6 52. Ke2 Kg6 53. Kd2 Kg7 54. a7 Kh7 55. Kc2 Kg7 56. Kb2 Ra5 57. Kc3 Kh7 58. Kb4 Ra1 59. Kc5 Kg7 60. Kd6 Ra6+ 61. Ke7 Ra5 62. Ke6 Ra6+ 63. Kd5 Ra5+ 64. Kc6 Ra1 65. Kb7 Rb1+ 66. Kc6 Ra1 67. Kd7 Ra6 68. Ke7 Ra5 69. Ke6 Ra6+ 70. Kf5 Ra5+ 71. Kg4 Kh7 72. Rb8 Rxa7 73. Kxg5 Kg7 74. Rb6 Ra5+ 75. Kg4 Kf7 76. f4 Rc5 1/2-1/2

[Event "Tirnavia-B"]
[Site "Trnava SVK"]
[Date "1989.??.??"]
[Round "7"]
[White "Lanc, Alois"]
[Black "Lechtynsky, Jiri"]
[Result "1-0"]
[WhiteElo "2410"]
[BlackElo "2450"]
[PlyCount "59"]
[EventDate "1989.03.??"]
[Source "www.chesslib.no"]
[SourceDate "2004.05.04"]

1. e4 c6 2. d4 d5 3. Nc3 g6 4. e5 h5 5. Nf3 Bg4 6. h3 Bxf3 7. Qxf3 e6 8. Bd3 Nd7 9. Ne2 h4 10. g4 Qb6 11. O-O c5 12. c3 Ne7 13. a3 Nc6 14. Qe3 cxd4 15. cxd4 Qb3 16. Bd2 Ncxe5 17. dxe5 Bc5 18. Qf3 Nxe5 19. Qf6 Kd7 20. Qxe5 Qxd3 21. Bb4 Bxb4 22. axb4 Rhc8 23. Rad1 Qf3 24. Nf4 Rc4 25. Nxd5 exd5 26. Rxd5+ Kc8 27. Rfd1 b6 28. Rd7 Rxg4+ 29. hxg4 Qxg4+ 30. Kh2 1-0

[Event "RUS-Cup5"]
[Site "Ekaterinburg"]
[Date "1997.??.??"]
[Round "7"]
[White "Frolov, Denis"]
[Black "Shariyazdanov, Andrey"]
[Result "1/2-1/2"]
[WhiteElo "2330"]
[BlackElo "2525"]
[PlyCount "46"]
[EventDate "1997.02.13"]
[Source "ChessBase"]

1. e4 c6 2. d4 d5 3. Nc3 g6 4. h3 Bg7 5. Nf3 Nh6 6. Bf4 dxe4 7. Nxe4 Nf5 8. c3 O-O 9. Bd3 Nd6 10. Nxd6 exd6 11. O-O d5 12. Qd2 Nd7 13. Rae1 Nf6 14. Bh6 Be6 15. Bxg7 Kxg7 16. Ne5 Nd7 17. f4 Nxe5 18. Rxe5 Bd7 19. Rfe1 Qh4 20. Qf2 Qxf2+ 21. Kxf2 Rfe8 22. Rxe8 Rxe8 23. Rxe8 Bxe8 1/2-1/2

[Event "It (Open) Bad Woerishofen GER"]
[Site "?"]
[Date "2006.03.23"]
[Round "7"]
[White "Rahls Peter"]
[Black "Kveinys Aloyzas"]
[Result "0-1"]
[WhiteElo "2334"]
[BlackElo "2517"]
[PlyCount "78"]
[EventDate "2006.??.??"]
[Source "www.chesslib.no"]
[SourceDate "2004.05.04"]

1. e4 c6 2. d4 d5 3. Nc3 g6 4. Nf3 Bg7 5. exd5 cxd5 6. Bf4 Nf6 7. Bb5+ Bd7 8. O-O O-O 9. Bxd7 Nbxd7 10. Qe2 Nb6 11. a4 Nc4 12. b3 Nd6 13. Nb5 Nf5 14. Bc7 Qd7 15. Be5 a6 16. Na3 Rac8 17. c4 dxc4 18. Nxc4 Nd5 19. Bxg7 Nxg7 20. Nfe5 Qf5 21. a5 Ne6 22. Qd2 Rcd8 23. Rfd1 Ndf4 24. Qb4 f6 25. Ne3 Qe4 26. Nf3 Nxd4 27. Nxd4 Rxd4 28. Rxd4 Qxd4 29. Qe1 e5 30. Rd1 Qc5 31. g3 Ne6 32. b4 Qc6 33. Rc1 Qf3 34. Qc3 Nd4 35. Qc4+ Kg7 36. Rd1 Rf7 37. Re1 Qe4 38. Rd1 f5 39. h4 Rd7 0-1